| 000 | 01325nam0a2200313 i 4500 | ||
|---|---|---|---|
| 001 | RU\NLR\BIBL_A\010587486 | ||
| 005 | 20240921145826.0 | ||
| 010 |
_a9785946381208 _9500 |
||
| 021 |
_aRU _b2014-86179 _95242 |
||
| 035 | _a(NILC)RuMoRGB-007658838 | ||
| 035 | _a(NLR Aleph) 010587486 | ||
| 090 |
_a10488636 _c10488636 |
||
| 100 | _a20150120d2014 u y0rusy50 ca | ||
| 101 | 0 | _arus | |
| 102 | _aRU | ||
| 105 | _aa|||j|||000yy | ||
| 200 | 1 |
_aОптовая торговля: организация и управление _eучебное пособие _fКоролева Ольга Вячеславовна _gНегос. образоват. учреждение высш. проф. образования "Моск. акад. экономики и права", Воронежский фил. |
|
| 205 | _a[2-е изд., доп.] | ||
| 210 |
_aВоронеж _cВоронежский ЦНТИ _d2014 |
||
| 215 |
_a103 с. _cил. _d21 |
||
| 320 | _aБиблиогр.: с. 96 (11 назв.) | ||
| 606 | 1 |
_aОптовая торговля _xОрганизация _91775265 _3RU\NLR\AUTH\66797540 |
|
| 686 | 1 | _aУ42(2)13я73 | |
| 700 | 1 |
_aКоролева _bО. В. _gОльга Вячеславовна |
|
| 801 | 0 |
_aRU _bРГБ _c20141118 _gRCR |
|
| 942 | _cBOOK | ||
| 980 | _aNBR | ||